01159nam a2200193Ia 4500001001100000003001000011008004100021040002500062041001300087100002700100245007600127250001100203260007700214300001200291500026000303501011400563520026000677650002800937L906-40073IT-CnALBA170116s9999||||xx |||||||||||||| ||und|| aIT-CnALBAcIT-CnALBA aITALIANO aBIGNAMI ERNESTO, PROF. 0aLO ESAME DI STORIA ED EDUCAZIONE CIVICA. PRE LA SCUOLA MEDIA. VOL. II.  a1a ed. aMILANObBIGNAMI EDIZIONI c1970 [1° Ed.:1970 - Ed.Ling.Originale: 1970] a224 p.  aMEDIOEVO. IMPERO CAROLINGIO. FEUDALESIMO. ARABI. MAOMETTO. REGNO ITALICO. IMPERO ROMANO GERMANICO. INVESTITURE. NORMANNI NELLA ITALIA MERIDIONALE. VITA ITALIANA DOPO IL MILLE. REPUBBLICHE MARINARE. CROCIATE. COMUNI BARBAROSSA. FEDERICO II. INNOCENZO III.  aSocietà San Paolo EM - Piazza San Paolo, 14 - 12051 ALBA (CN) (non commercial uses only) ® Copyright 2017 aMEDIOEVO. IMPERO CAROLINGIO. FEUDALESIMO. ARABI. MAOMETTO. REGNO ITALICO. IMPERO ROMANO GERMANICO. INVESTITURE. NORMANNI NELLA ITALIA MERIDIONALE. VITA ITALIANA DOPO IL MILLE. REPUBBLICHE MARINARE. CROCIATE. COMUNI BARBAROSSA. FEDERICO II. INNOCENZO III.  aORGANIZZAZIONI STORICHE